| 000 | 01143nam a2200289 i 4500 | ||
|---|---|---|---|
| 003 | IT-RoINE | ||
| 005 | 20240603125106.0 | ||
| 008 | 000818s1988 sp bd |r 000|||mul|d | ||
| 020 | _a848637118X | ||
| 040 |
_aUSA.SABUS _dUPSA _dIT-RoINE _cesslup IT-RoINE |
||
| 041 | 0 |
_alat _aspa |
|
| 245 | 1 | 0 |
_aDocumentación del Monasterio de Santo Domingo de Silos : _b(954-1254) / _cMiguel C. Vivancos Gómez. |
| 260 |
_aBurgos : _bJ. M. Garrido Garrido, _cD.L. 1988. |
||
| 300 |
_aXCV, 251 p., [2] h. de lám. pleg. : _bmapas, cuad. ; _c24 cm. |
||
| 336 |
_2rdacontent _atext |
||
| 337 |
_2rdamedia _aunmediated |
||
| 338 |
_2rdacarrier _avolume |
||
| 490 | 1 |
_aFuentes medievales castellano-leonesas ; _v50 |
|
| 490 | 0 |
_aFuentes medievales castellano-leonesas. _aSerie burgalesa |
|
| 504 | _aBibliografía: p. [XVII]-XX. | ||
| 546 | _aTextos en español y latín. | ||
| 610 | 2 | 0 |
_aAbadía de Silos (España) _xHistoria _xFuentes _941960 |
| 651 | 4 |
_930319 _aCastilla (Reino) _xHistoria _xFuentes |
|
| 700 | 1 |
_aVivancos Gómez, Miguel C., _928602 _cO.S.B., _d1958- |
|
| 830 | 0 |
_941843 _aFuentes Medievales Castellano-Leonesas ; _v50 |
|
| 942 | _cMTS | ||
| 999 |
_c21389 _d21389 |
||